[Event "Titled Tue 27th May Early"]
[Site "chess.com INT"]
[Date "2025.05.27"]
[Round "8"]
[White "Hehir, Michael"]
[Black "Skytte, Robert"]
[Result "1-0"]
[BlackTitle "CM"]
[WhiteElo "2009"]
[BlackElo "2007"]
[WhiteFideId "2047411"]
[BlackFideId "1471775"]
[EventDate "2025.05.27"]

1. d4 d5 2. c4 e6 3. Nc3 c5 4. cxd5 cxd4 5. Qxd4 Nc6 6. Qd1 exd5 7. g3 Nf6 8.
Bg2 Be6 9. Bg5 Be7 10. Nh3 h6 11. Bc1 O-O 12. Nf4 d4 13. Ne4 Nxe4 14. Bxe4 Qd6
15. O-O f5 16. Bc2 Rad8 17. Nxe6 1-0

[Event "Titled Tue 27th May Early"]
[Site "chess.com INT"]
[Date "2025.05.27"]
[Round "8"]
[White "Aloma Vidal, Robert"]
[Black "Brenke, Andreas"]
[Result "1-0"]
[WhiteTitle "IM"]
[BlackTitle "FM"]
[WhiteElo "2374"]
[BlackElo "2349"]
[WhiteFideId "2260409"]
[BlackFideId "4602900"]
[EventDate "2025.05.27"]

1. h4 d5 2. d4 c5 3. e4 dxe4 4. d5 Nf6 5. Nc3 Nbd7 6. Bf4 Nb6 7. Bb5+ Bd7 8. Qe2
Bxb5 9. Qxb5+ Qd7 10. Qxd7+ Kxd7 11. O-O-O Rd8 12. f3 exf3 13. Nxf3 Ke8 14. Bc7
Rd7 15. Bxb6 axb6 16. Ne5 Rd8 17. Nb5 Rc8 18. g4 Nd7 19. Nc4 g6 20. Rde1 Kd8 21.
Rhf1 f6 22. g5 Bg7 23. d6 Re8 24. dxe7+ Rxe7 25. Ncd6 Rxe1+ 26. Rxe1 Rc6 27.
Re8# 1-0

[Event "Titled Tue 27th May Early"]
[Site "chess.com INT"]
[Date "2025.05.27"]
[Round "8"]
[White "Rabin, Evan"]
[Black "Kochiev, Ivan"]
[Result "0-1"]
[BlackTitle "CM"]
[WhiteElo "1945"]
[BlackElo "2138"]
[WhiteFideId "2028670"]
[BlackFideId "2917890"]
[EventDate "2025.05.27"]

1. e4 c5 2. Nf3 d6 3. Bb5+ Nc6 4. c3 Nf6 5. d4 cxd4 6. cxd4 Nxe4 7. O-O d5 8.
Ne5 Bd7 9. Nxd7 Qxd7 10. Nc3 Nxc3 11. bxc3 e6 12. Qg4 g6 13. Bg5 Be7 14. Bxe7
Kxe7 15. Rfe1 f6 16. c4 Kf7 17. Rac1 Rhe8 18. cxd5 Qxd5 19. Bc4 Qxd4 20. Bxe6+
Kg7 21. Qf3 Re7 22. Bd5 Ne5 23. Qe4 Qxe4 24. Bxe4 Rae8 25. Bd5 Nf3+ 26. Kf1
Rxe1+ 0-1

[Event "Titled Tue 27th May Early"]
[Site "chess.com INT"]
[Date "2025.05.27"]
[Round "8"]
[White "Agarwal, Amaya"]
[Black "Skiadopoulos, Nikolaos"]
[Result "1-0"]
[WhiteTitle "WCM"]
[BlackTitle "CM"]
[WhiteElo "2004"]
[BlackElo "1882"]
[WhiteFideId "48733580"]
[BlackFideId "4200772"]
[EventDate "2025.05.27"]

1. e4 c5 2. c3 Nf6 3. e5 Nd5 4. d4 cxd4 5. cxd4 e6 6. Nf3 Be7 7. Bd3 Nb4 8. Be2
d6 9. a3 N4c6 10. O-O dxe5 11. dxe5 Qxd1 12. Rxd1 h6 13. Nc3 Nd7 14. Bf4 g5 15.
Bg3 h5 16. h3 g4 17. hxg4 hxg4 18. Nh2 Ndxe5 19. Nxg4 Nxg4 20. Bxg4 Bd7 21. Rac1
O-O-O 22. Nb5 e5 23. Bxe5 Bxg4 24. Nxa7# 1-0

[Event "Titled Tue 27th May Early"]
[Site "chess.com INT"]
[Date "2025.05.27"]
[Round "8"]
[White "Lopez Abreu, Michel Samuel"]
[Black "Khodabandeh, Milad"]
[Result "0-1"]
[WhiteTitle "FM"]
[BlackTitle "CM"]
[WhiteElo "2038"]
[BlackElo "1957"]
[WhiteFideId "3927903"]
[BlackFideId "12538620"]
[EventDate "2025.05.27"]

1. d4 d5 2. Nf3 Nf6 3. c4 c6 4. Nc3 dxc4 5. a4 Bf5 6. e3 e6 7. Bxc4 Bb4 8. O-O
O-O 9. Re1 Nbd7 10. Bd3 Bxd3 11. Qxd3 Qe7 12. Bd2 e5 13. dxe5 Nxe5 14. Nxe5 Qxe5
15. Qc2 Ng4 16. f4 Qh5 17. h3 Nf6 18. Rad1 Rfe8 19. Nb1 Bc5 20. b4 Bb6 21. a5
Bc7 22. Bc3 Nd5 23. Qb2 Nxe3 24. Rd3 Bxf4 25. Bxg7 Qg6 26. Bd4 Qxd3 0-1

[Event "Titled Tue 27th May Early"]
[Site "chess.com INT"]
[Date "2025.05.27"]
[Round "8"]
[White "Guliev, Gasan"]
[Black "Korneev Leskova, Svyatoslav"]
[Result "0-1"]
[WhiteTitle "CM"]
[BlackTitle "CM"]
[WhiteElo "2123"]
[BlackElo "2172"]
[WhiteFideId "34165638"]
[BlackFideId "22267565"]
[EventDate "2025.05.27"]

1. d4 Nf6 2. Bg5 Ne4 3. h4 c5 4. Nd2 Nxd2 5. Qxd2 cxd4 6. h5 h6 7. Bh4 Nc6 8.
Nf3 Qb6 9. O-O-O e5 10. e3 dxe3 11. Qd5 d6 12. Bb5 Be6 13. Qd3 e4 14. Bxc6+ Qxc6
15. Qxe3 exf3 16. gxf3 Rc8 17. Rd2 Be7 18. Bxe7 Kxe7 19. Rg1 Kf8 20. Qxa7 Qxf3
21. Rxd6 Qf4+ 22. Rd2 Rd8 23. Rd1 Kg8 24. Kb1 Rxd2 25. Qa8+ Kh7 0-1

[Event "Titled Tue 27th May Early"]
[Site "chess.com INT"]
[Date "2025.05.27"]
[Round "8"]
[White "Vasquez Schroeder, Rodrigo"]
[Black "Iljin, Timofey"]
[Result "1-0"]
[WhiteTitle "GM"]
[BlackTitle "IM"]
[WhiteElo "2446"]
[BlackElo "2242"]
[WhiteFideId "3400042"]
[BlackFideId "14110180"]
[EventDate "2025.05.27"]

1. e4 e6 2. d4 d5 3. Nc3 Nc6 4. e5 f6 5. Nf3 Qd7 6. Bb5 b6 7. O-O Bb7 8. Re1
O-O-O 9. Qe2 f5 10. Bg5 Re8 11. h4 Bb4 12. Bd2 Nh6 13. Qd3 Ng4 14. Ne2 Bxd2 15.
Qxd2 g6 16. Nf4 Reg8 17. a4 a6 18. Bd3 h6 19. c3 g5 20. Nh3 f4 21. hxg5 hxg5 22.
Nfxg5 f3 23. Qf4 Rxh3 24. gxh3 Nh6 25. Kh2 Qg7 26. Rg1 Rf8 27. Nxe6 Rxf4 28.
Rxg7 Nf5 29. Rxc7+ Kb8 30. Rxb7+ Kxb7 31. Nxf4 1-0

[Event "Titled Tue 27th May Early"]
[Site "chess.com INT"]
[Date "2025.05.27"]
[Round "8"]
[White "Fellowes, Billy"]
[Black "Martin Fuentes, Alberto"]
[Result "0-1"]
[WhiteTitle "CM"]
[BlackTitle "FM"]
[WhiteElo "2193"]
[BlackElo "2376"]
[WhiteFideId "483540"]
[BlackFideId "2292289"]
[EventDate "2025.05.27"]

1. e4 e6 2. d4 d5 3. e5 c5 4. c3 Qb6 5. Nf3 Bd7 6. Be2 Bb5 7. O-O Bxe2 8. Qxe2
Nc6 9. Be3 cxd4 10. cxd4 Nge7 11. Nc3 Nf5 12. Rfd1 Be7 13. Qd3 Qd8 14. Bc1 O-O
15. g4 Nh4 16. Nxh4 Bxh4 17. Be3 Rc8 18. Rac1 f6 19. f4 fxe5 20. fxe5 Bg5 21.
Kg2 Bxe3 22. Qxe3 Qh4 23. h3 Rf7 24. Rf1 Rcf8 25. Rxf7 Rxf7 26. Rf1 Rxf1 27.
Kxf1 h5 28. Ne2 hxg4 29. hxg4 Qxg4 30. Nf4 Qd1+ 31. Kg2 Qxd4 32. Qg3 Qe4+ 33.
Kh2 Qxe5 34. Kg2 Qxb2+ 35. Kh3 Qe5 36. Kg2 d4 37. Qg4 Qe4+ 38. Kh2 d3 39. Kg3 d2
40. Qh5 Qe3+ 41. Kg2 Qxf4 42. Qe8+ Kh7 43. Qh5+ Qh6 0-1

[Event "Titled Tue 27th May Early"]
[Site "chess.com INT"]
[Date "2025.05.27"]
[Round "8"]
[White "So, Wesley"]
[Black "Kovalenko, Igor"]
[Result "1-0"]
[WhiteTitle "GM"]
[BlackTitle "GM"]
[WhiteElo "2751"]
[BlackElo "2676"]
[WhiteFideId "5202213"]
[BlackFideId "14117908"]
[EventDate "2025.05.27"]

1. d4 Nf6 2. Bg5 d5 3. e3 c5 4. Bxf6 exf6 5. Nf3 Nc6 6. c3 Qb6 7. Qb3 Be6 8.
Nbd2 f5 9. dxc5 Bxc5 10. Bd3 O-O 11. O-O Bxe3 12. fxe3 Qxe3+ 13. Kh1 Qxd3 14.
Qxb7 Rfc8 15. Qb3 Rab8 16. Qa3 h6 17. Nb3 Rb6 18. Nc5 Qb5 19. Rf2 f4 20. Nxe6
fxe6 21. Qd6 Nd4 22. Nxd4 Qxb2 23. Qxe6+ Rxe6 24. Rxb2 Re3 25. Rf2 g5 26. Nf5
Re6 27. Rf3 Kf7 28. h3 Kf6 29. Nxh6 1-0

[Event "Titled Tue 27th May Early"]
[Site "chess.com INT"]
[Date "2025.05.27"]
[Round "8"]
[White "Szpar, Milosz"]
[Black "Joseph Benher, Savio"]
[Result "0-1"]
[WhiteTitle "IM"]
[WhiteElo "2475"]
[BlackElo "2115"]
[WhiteFideId "1184989"]
[BlackFideId "2629453"]
[EventDate "2025.05.27"]

1. e4 e6 2. d4 d5 3. Nc3 Nf6 4. Bg5 dxe4 5. Nxe4 Nbd7 6. Nf3 h6 7. Bxf6 Nxf6 8.
Bd3 Nxe4 9. Bxe4 c5 10. Qe2 Qa5+ 11. c3 cxd4 12. Nxd4 Be7 13. O-O-O Bd7 14. Bxb7
Rb8 15. Bc6 Qxa2 16. Bxd7+ Kxd7 17. b4 Bg5+ 18. Rd2 Bxd2+ 19. Qxd2 Qxd2+ 20.
Kxd2 e5 21. Nb3 Ke7 22. Ra1 Rb7 23. Nc5 Rc7 24. Kd3 Rd8+ 25. Ke3 f5 26. f4 e4
27. h3 Rd6 28. g4 g6 29. gxf5 gxf5 30. Rg1 Kf7 31. Ra1 Kf6 32. Ra5 Kg6 33. c4
Kf6 34. h4 Rb6 35. Kd4 Rxb4 36. Ra6+ Rb6 37. Ra5 Rd6+ 38. Ke3 Rdc6 39. Kd4 Rxc5
40. Rxc5 Rxc5 41. Kxc5 e3 0-1

[Event "Titled Tue 27th May Early"]
[Site "chess.com INT"]
[Date "2025.05.27"]
[Round "8"]
[White "Kakavand, Ramtin"]
[Black "Gustafsson, Jan"]
[Result "0-1"]
[WhiteTitle "FM"]
[BlackTitle "GM"]
[WhiteElo "2179"]
[BlackElo "2591"]
[WhiteFideId "32790597"]
[BlackFideId "4625498"]
[EventDate "2025.05.27"]

1. Nf3 d5 2. g3 g6 3. Bg2 Bg7 4. O-O e5 5. d3 Ne7 6. Nbd2 O-O 7. e4 Nbc6 8. c3
a5 9. a4 h6 10. h3 b6 11. Qc2 Ba6 12. Rd1 Qd7 13. Nf1 Rad8 14. Ne3 dxe4 15. dxe4
Qe6 16. b3 Rxd1+ 17. Nxd1 Rd8 18. Ne1 f5 19. Ne3 f4 20. Nd5 Nxd5 21. exd5 Rxd5
22. Bxd5 Qxd5 23. c4 Qe6 24. Bb2 Qxh3 25. Qxg6 Bb7 26. f3 fxg3 27. Nd3 Nd4 28.
Bxd4 Bxf3 29. Qe8+ Kh7 0-1

[Event "Titled Tue 27th May Early"]
[Site "chess.com INT"]
[Date "2025.05.27"]
[Round "8"]
[White "Yushko, Olga"]
[Black "Papacek, Stepan"]
[Result "1-0"]
[WhiteTitle "WFM"]
[BlackTitle "FM"]
[WhiteElo "2036"]
[BlackElo "2225"]
[WhiteFideId "14114500"]
[BlackFideId "301035"]
[EventDate "2025.05.27"]

1. d4 e6 2. c4 d5 3. cxd5 exd5 4. Nc3 Nf6 5. Bg5 Be7 6. e3 h6 7. Bh4 O-O 8. Bd3
Re8 9. Nge2 Nh5 10. Bxe7 Rxe7 11. Ng3 Nxg3 12. hxg3 c5 13. dxc5 d4 14. Ne2 Qa5+
15. Qd2 Qxd2+ 16. Kxd2 dxe3+ 17. fxe3 Nd7 18. Rac1 Ne5 19. Nd4 Bd7 20. Be4 Bg4
21. c6 bxc6 22. Bxc6 Rd8 23. b4 Be6 24. Bb5 Bxa2 25. Rc5 Ng4 26. Re1 Nxe3 27.
Rxe3 Rxd4+ 28. Bd3 Red7 29. Re8# 1-0

[Event "Titled Tue 27th May Early"]
[Site "chess.com INT"]
[Date "2025.05.27"]
[Round "8"]
[White "Bratovic, Blaz"]
[Black "Lisenkov, Svyatoslav"]
[Result "1-0"]
[WhiteTitle "IM"]
[BlackTitle "CM"]
[WhiteElo "2319"]
[BlackElo "2241"]
[WhiteFideId "14603551"]
[BlackFideId "34264183"]
[EventDate "2025.05.27"]

1. e4 c5 2. Nf3 d6 3. d4 cxd4 4. Nxd4 Nf6 5. Nc3 a6 6. Bg5 e6 7. f4 Be7 8. Qf3
Qc7 9. O-O-O Nbd7 10. g4 b5 11. Bxf6 Nxf6 12. g5 Nd7 13. f5 O-O 14. Rg1 b4 15.
Nce2 e5 16. f6 exd4 17. fxe7 Re8 18. Nxd4 Ne5 19. Qf2 Be6 20. Kb1 Rxe7 21. Rg3
Qc5 22. Qd2 Nc4 23. Bxc4 Bxc4 24. Re3 Qxg5 25. Nf5 Re6 26. Qd4 Re5 27. Rg3 Qh5
28. Rxg7+ Kh8 29. Rdg1 Rd8 30. Qxc4 d5 31. Qd4 Rde8 32. Qxe5 Rxe5 1-0

[Event "Titled Tue 27th May Early"]
[Site "chess.com INT"]
[Date "2025.05.27"]
[Round "8"]
[White "Goltsev, Dmitry"]
[Black "Rubes, Jan"]
[Result "1-0"]
[WhiteTitle "FM"]
[BlackTitle "IM"]
[WhiteElo "2183"]
[BlackElo "2426"]
[WhiteFideId "24176710"]
[BlackFideId "338176"]
[EventDate "2025.05.27"]

1. d4 d5 2. Nc3 Nf6 3. Bf4 e6 4. Nb5 Na6 5. e3 Be7 6. Nf3 O-O 7. Be2 c6 8. Nc3
c5 9. O-O Nh5 10. Bxa6 bxa6 11. Ne5 Nxf4 12. Nc6 Qc7 13. Nxe7+ Qxe7 14. exf4 Rb8
15. b3 Bd7 16. Re1 Qf6 17. Ne2 Rfc8 18. Qd3 Bb5 19. c4 dxc4 20. bxc4 Be8 21.
dxc5 Rxc5 22. Rab1 Rbc8 23. Rec1 h6 24. h3 Bc6 25. Qd6 Be4 26. Rb8 Qg6 27. Ng3
Kh7 28. Rxc8 Rxc8 29. Qd7 Rc5 30. Qxa7 Ra5 31. c5 Bd5 32. c6 Rxa2 33. c7 Rc2 34.
c8=Q Rxc8 35. Rxc8 h5 36. Qb8 Qb1+ 37. Kh2 1-0

[Event "Titled Tue 27th May Early"]
[Site "chess.com INT"]
[Date "2025.05.27"]
[Round "8"]
[White "Arya G Mallar"]
[Black "Essing, Arnold"]
[Result "1-0"]
[WhiteTitle "WCM"]
[BlackTitle "FM"]
[WhiteElo "2014"]
[BlackElo "2211"]
[WhiteFideId "25115324"]
[BlackFideId "4619862"]
[EventDate "2025.05.27"]

1. c4 e6 2. g3 d5 3. Bg2 c5 4. cxd5 exd5 5. d4 Nc6 6. Nf3 c4 7. O-O Bb4 8. Nc3
Nge7 9. Qc2 O-O 10. b3 Bf5 11. Qb2 Qa5 12. Bd2 b5 13. a4 Bxc3 14. Qxc3 b4 15.
Qc1 cxb3 16. Qb2 Bc2 17. Be3 Rac8 18. Rfc1 Nf5 19. Ne1 Nxe3 20. fxe3 Rfe8 21.
Kf2 Qd8 22. Nxc2 bxc2 23. Rxc2 a5 24. Rc5 Qf6+ 25. Bf3 Ne7 26. Rac1 Rxc5 27.
Rxc5 g6 28. Rxa5 Nf5 29. Qxb4 Nxe3 30. Qb5 Re7 31. Ra8+ Kg7 32. Qb8 Qxd4 33.
Qh8+ Kh6 34. Qxd4 1-0

[Event "Titled Tue 27th May Early"]
[Site "chess.com INT"]
[Date "2025.05.27"]
[Round "8"]
[White "Sonis, Francesco"]
[Black "Kosteniuk, Alexandra"]
[Result "1-0"]
[WhiteTitle "GM"]
[BlackTitle "GM"]
[WhiteElo "2570"]
[BlackElo "2479"]
[WhiteFideId "895733"]
[BlackFideId "4128125"]
[EventDate "2025.05.27"]

1. Nf3 d5 2. e3 c5 3. b3 Nc6 4. Bb2 f6 5. d4 cxd4 6. exd4 Bg4 7. Be2 e6 8. O-O
Bd6 9. c4 Nge7 10. Nc3 O-O 11. h3 Bh5 12. Re1 Re8 13. Nb5 Bb8 14. c5 a6 15. Nc3
Qc7 16. g3 Nf5 17. g4 Nfxd4 18. gxh5 Nxf3+ 19. Bxf3 Qh2+ 20. Kf1 Qxh3+ 21. Bg2
Qf5 22. h6 Ne5 23. hxg7 Ng4 24. Re2 Be5 25. Na4 d4 26. Be4 Nh2+ 27. Ke1 Qg5 28.
Qd3 Bf4 29. Kd1 f5 30. Bxb7 Rad8 31. Kc2 e5 32. f3 Be3 33. Rxh2 e4 34. fxe4 fxe4
35. Bxe4 Rxe4 36. Qxe4 d3+ 37. Kc3 Bd4+ 38. Kb4 Rb8+ 39. Ka3 Bxc5+ 40. Nxc5
Qxc5+ 41. b4 1-0

[Event "Titled Tue 27th May Early"]
[Site "chess.com INT"]
[Date "2025.05.27"]
[Round "8"]
[White "Arslanov, Shamil"]
[Black "Jahnz, Laurin"]
[Result "0-1"]
[WhiteTitle "IM"]
[BlackTitle "CM"]
[WhiteElo "2410"]
[BlackElo "2233"]
[WhiteFideId "4192826"]
[BlackFideId "16261089"]
[EventDate "2025.05.27"]

1. d4 d5 2. e4 c6 3. Nc3 dxe4 4. Bc4 Nf6 5. f3 e3 6. Nge2 Bf5 7. g4 Bg6 8. h4 h5
9. Nf4 Bh7 10. g5 Qd6 11. Bxe3 Nd5 12. Ncxd5 cxd5 13. Nxd5 e5 14. Qd2 Nc6 15.
dxe5 Qxe5 16. O-O-O O-O-O 17. Bf4 Qf5 18. Rh2 Bb4 19. Qe3 Rhe8 20. Qxa7 Qxf4+
21. Nxf4 Rxd1+ 22. Kxd1 Re1# 0-1

[Event "Titled Tue 27th May Early"]
[Site "chess.com INT"]
[Date "2025.05.27"]
[Round "8"]
[White "Lazavik, Denis"]
[Black "Nguyen, Ngoc Truong Son"]
[Result "1-0"]
[WhiteTitle "GM"]
[BlackTitle "GM"]
[WhiteElo "2577"]
[BlackElo "2632"]
[WhiteFideId "13515110"]
[BlackFideId "12401110"]
[EventDate "2025.05.27"]

1. d4 Nf6 2. c4 e6 3. Nc3 d5 4. cxd5 exd5 5. Bg5 c6 6. e3 h6 7. Bh4 Be7 8. Bd3
O-O 9. Nge2 Ne8 10. Bg3 Nd6 11. O-O Re8 12. Qc2 Bf8 13. h3 a5 14. Kh1 Na6 15. a3
Nc7 16. Ng1 Ne6 17. Rae1 b5 18. Nf3 Nc4 19. a4 b4 20. Ne2 c5 21. Rd1 Ng5 22.
Nxg5 Qxg5 23. dxc5 Qf6 24. b3 Nb2 25. Bh7+ Kh8 26. Rd4 g6 27. Bxg6 fxg6 28. Qxb2
Bxc5 29. Rd2 Qxb2 30. Rxb2 Ba6 31. Rd1 Bxe2 32. Rxe2 d4 33. Rc2 Bf8 34. Rxd4
Rac8 35. Rc7 Kg8 36. Rdd7 Rxc7 37. Bxc7 Rc8 38. g4 Ra8 39. Bb6 Ra6 40. Rb7 Ra8
41. Kg2 Rc8 42. Bxa5 1-0

[Event "Titled Tue 27th May Early"]
[Site "chess.com INT"]
[Date "2025.05.27"]
[Round "8"]
[White "Levitan, Judah Nathan"]
[Black "Tarasov, Igor"]
[Result "1-0"]
[WhiteTitle "CM"]
[BlackTitle "FM"]
[WhiteElo "2127"]
[BlackElo "2256"]
[WhiteFideId "14332639"]
[BlackFideId "4120256"]
[EventDate "2025.05.27"]

1. e4 c6 2. Nf3 d5 3. exd5 cxd5 4. d4 Nc6 5. c3 Nf6 6. Bf4 e6 7. Bd3 Bd6 8. Ne5
Qc7 9. Qe2 O-O 10. Nd2 a6 11. Ndf3 b5 12. Nxc6 Qxc6 13. Ne5 Qc7 14. Bg5 Nd7 15.
Ng4 e5 16. dxe5 Nxe5 17. Nxe5 Bxe5 18. O-O h6 19. Bh4 Bxh2+ 20. Kh1 Bd6 21. Rae1
Bb7 22. Qf3 Rae8 23. Qf5 g6 24. Qg4 Rxe1 25. Rxe1 Kg7 26. Re3 Bc8 27. Qf3 Be6
28. Qf6+ Kh7 29. Rxe6 Bf4 30. Re7 Qd6 31. Rxf7+ Rxf7 32. Qxf7+ Kh8 33. Bf6+ Qxf6
34. Qxf6+ Kh7 35. Bxg6+ 1-0

[Event "Titled Tue 27th May Early"]
[Site "chess.com INT"]
[Date "2025.05.27"]
[Round "8"]
[White "Demchenko, Anton"]
[Black "Jake Shanty"]
[Result "1-0"]
[WhiteTitle "GM"]
[BlackTitle "FM"]
[WhiteElo "2619"]
[BlackElo "2252"]
[WhiteFideId "4160258"]
[BlackFideId "33478066"]
[EventDate "2025.05.27"]

1. e4 c5 2. Nf3 d6 3. d4 cxd4 4. Nxd4 Nf6 5. Nc3 a6 6. a3 e5 7. Nf5 Bxf5 8. exf5
d5 9. Bg5 d4 10. Ne4 Be7 11. Bxf6 Bxf6 12. Bd3 O-O 13. O-O Nd7 14. Qf3 Qe7 15.
b4 Rac8 16. Rfe1 Rfe8 17. g3 b5 18. a4 Qxb4 19. axb5 axb5 20. Reb1 Qe7 21. Ra7
Red8 22. Rxb5 Qf8 23. Rbb7 Nc5 24. Nxf6+ gxf6 25. Rxf7 Qxf7 26. Qg4+ Kf8 27.
Rxf7+ Kxf7 28. Bc4+ Kf8 29. Qg8+ Ke7 30. Qf7+ Kd6 31. Qxf6+ Kc7 32. Qxe5+ Kb6
33. f6 Nd7 34. Qd6+ Ka7 35. Qa3+ Kb8 36. Qb4+ Kc7 37. Be6 Rb8 38. Qxd4 Nb6 39.
Qf4+ Kc6 40. f7 Rf8 41. Kg2 Rbd8 42. Qe4+ Kd6 43. Bb3 Nd7 44. Qxh7 Nf6 45. Qd3+
Ke7 46. Qe3+ Kd7 47. Qe6+ Kc7 48. Qxf6 1-0

[Event "Titled Tue 27th May Early"]
[Site "chess.com INT"]
[Date "2025.05.27"]
[Round "8"]
[White "Bruhovich, Olexandr"]
[Black "Radchenko, Alexey"]
[Result "1-0"]
[WhiteTitle "CM"]
[BlackTitle "FM"]
[WhiteElo "2208"]
[BlackElo "2293"]
[WhiteFideId "14119919"]
[BlackFideId "4192362"]
[EventDate "2025.05.27"]

1. e4 c6 2. d4 d5 3. e5 c5 4. dxc5 e6 5. Nf3 Nd7 6. Be2 Qc7 7. Bf4 Ne7 8. Bd3
Nxc5 9. O-O Ng6 10. Bg3 Bd7 11. Nc3 a6 12. Re1 Be7 13. h4 b5 14. h5 Nf8 15. a3
h6 16. Bh4 Nh7 17. Bxe7 Kxe7 18. Nd4 Ng5 19. f4 Nge4 20. Nxe4 dxe4 21. Bxe4 Rad8
22. Qf3 Na4 23. Rab1 Qc5 24. c3 f5 25. exf6+ gxf6 26. Kh1 Be8 27. Bf5 Rxd4 28.
Rxe6+ Kf7 29. Qg4 Rg8 30. Bg6+ Kg7 31. Bxe8+ Kh8 32. Bg6 Rd6 33. Re7 Rd1+ 34.
Rxd1 Qxe7 35. Rd7 Qe1+ 36. Kh2 Rg7 37. Rd8+ Rg8 38. Rd7 Rg7 39. Rd8+ Rg8 40.
Rxg8+ Kxg8 41. Qc8+ Kg7 42. Qd7+ Kf8 43. Qf7# 1-0

[Event "Titled Tue 27th May Early"]
[Site "chess.com INT"]
[Date "2025.05.27"]
[Round "8"]
[White "Vafin, Ayrat"]
[Black "Sahetchian, Armand"]
[Result "1-0"]
[WhiteTitle "FM"]
[BlackTitle "CM"]
[WhiteElo "2302"]
[BlackElo "2024"]
[WhiteFideId "4146530"]
[BlackFideId "607150"]
[EventDate "2025.05.27"]

1. Nf3 c5 2. g3 Nc6 3. d4 cxd4 4. Nxd4 g6 5. Bg2 Bg7 6. Nxc6 bxc6 7. O-O Nf6 8.
c4 O-O 9. Nc3 Rb8 10. b3 d5 11. Bf4 Rb7 12. cxd5 cxd5 13. Be5 e6 14. Rc1 Bd7 15.
e4 Nxe4 16. Bxg7 Kxg7 17. Nxe4 dxe4 18. Bxe4 Rc7 19. Qd4+ Kg8 20. Rxc7 Qxc7 21.
Rd1 Bb5 22. h4 h5 23. Qf6 Be2 24. Re1 Bg4 25. Re3 Qd8 26. Qb2 Qd1+ 27. Kg2 Bf5
28. Bxf5 Qd5+ 29. Be4 1-0

[Event "Titled Tue 27th May Early"]
[Site "chess.com INT"]
[Date "2025.05.27"]
[Round "8"]
[White "Guerra Tulcan, Lenin"]
[Black "Deveci, Huseyin Said"]
[Result "1-0"]
[WhiteTitle "IM"]
[BlackTitle "CM"]
[WhiteElo "2310"]
[BlackElo "2212"]
[WhiteFideId "3601382"]
[BlackFideId "26322455"]
[EventDate "2025.05.27"]

1. e4 e5 2. Nf3 Nc6 3. Bb5 a6 4. Ba4 Nf6 5. Qe2 b5 6. Bb3 Be7 7. c3 d6 8. O-O
O-O 9. Rd1 Bg4 10. d3 Na5 11. Bc2 c5 12. Nbd2 Nc6 13. h3 Be6 14. Nf1 h6 15. g4
d5 16. Ng3 Qc7 17. Nf5 Rae8 18. Kh1 c4 19. g5 cxd3 20. Bxd3 Nxe4 21. Bxe4 dxe4
22. Qxe4 hxg5 23. Bxg5 Bxf5 24. Qxf5 e4 25. Rd7 Qc8 26. Rg1 exf3 27. Bh6 Bg5 28.
Qxg5 g6 29. Qf6 Qxd7 30. Qg7# 1-0

[Event "Titled Tue 27th May Early"]
[Site "chess.com INT"]
[Date "2025.05.27"]
[Round "8"]
[White "Safin Safarullakhan"]
[Black "Eames, Robert S"]
[Result "0-1"]
[WhiteTitle "CM"]
[BlackTitle "FM"]
[WhiteElo "2109"]
[BlackElo "2136"]
[WhiteFideId "33379475"]
[BlackFideId "408743"]
[EventDate "2025.05.27"]

1. e4 c5 2. Nf3 Nc6 3. d4 cxd4 4. Nxd4 Nf6 5. Nc3 h5 6. f3 e5 7. Ndb5 d6 8. Nd5
Nxd5 9. exd5 Ne7 10. c4 Nf5 11. Qa4 Bd7 12. Qb4 a6 13. Nc3 Nd4 14. Bd3 Rb8 15.
Be3 b5 16. Bxd4 exd4 17. Ne4 bxc4 18. Qxc4 Qa5+ 19. Kf1 Qb6 20. Re1 Bb5 21. Nf6+
Kd8 22. Qc2 gxf6 23. Bxb5 Qxb5+ 24. Kg1 Qb6 25. Qf5 d3+ 26. Kf1 Be7 27. g3 d2
28. Rd1 Qe3 29. Kg2 Rxb2 30. Kh3 h4 31. Rb1 hxg3+ 32. Kxg3 Rg8+ 33. Kh3 Qh6+ 0-1

[Event "Titled Tue 27th May Early"]
[Site "chess.com INT"]
[Date "2025.05.27"]
[Round "8"]
[White "Perry, Patrick"]
[Black "Matskevich, Varvara"]
[Result "0-1"]
[BlackTitle "WFM"]
[WhiteElo "2296"]
[BlackElo "1988"]
[WhiteFideId "30917727"]
[BlackFideId "13523465"]
[EventDate "2025.05.27"]

1. e4 c5 2. d4 cxd4 3. Nf3 Nc6 4. Nxd4 Nxd4 5. Qxd4 d6 6. Bc4 Nf6 7. Nc3 e6 8.
O-O Be7 9. f4 O-O 10. Kh1 a6 11. e5 dxe5 12. Qxd8 Rxd8 13. fxe5 Nd7 14. Bf4 b5
15. Be2 Bb7 16. Bf3 Bxf3 17. Rxf3 Nb6 18. b3 Rac8 19. Kg1 Bb4 20. Ne4 Rxc2 21.
Bg5 Rf8 22. a3 Bxa3 23. Rxa3 Nd5 24. Rxa6 Rb2 25. Nd6 Rb1+ 26. Kf2 h6 27. Bd2
Rb2 28. Ke2 Nb4 29. Kd1 Nxa6 30. Kc1 Rxd2 31. Kxd2 Nb4 32. Rc3 Nd5 33. Rc8 Rxc8
34. Nxc8 Kf8 35. Kd3 Ke8 36. Kd4 Kd7 37. Kc5 Kxc8 38. Kxb5 Kc7 39. Kc5 f6 40.
exf6 gxf6 41. b4 Nb6 42. b5 Nd7+ 43. Kc4 Kb6 44. Kb4 Ne5 45. h3 Nd3+ 46. Kc4 Nf4
47. g4 Nxh3 0-1

[Event "Titled Tue 27th May Early"]
[Site "chess.com INT"]
[Date "2025.05.27"]
[Round "8"]
[White "Sobek, Jaroslav"]
[Black "Masague Artero, Guerau"]
[Result "0-1"]
[WhiteTitle "FM"]
[BlackTitle "FM"]
[WhiteElo "2195"]
[BlackElo "2326"]
[WhiteFideId "301388"]
[BlackFideId "32098952"]
[EventDate "2025.05.27"]

1. d4 g6 2. c4 Bg7 3. Nc3 c5 4. d5 Bxc3+ 5. bxc3 f5 6. e4 fxe4 7. f3 d6 8. fxe4
e5 9. Nf3 Nd7 10. Bd3 h6 11. O-O Qe7 12. Qe1 g5 13. a4 Ngf6 14. a5 Kd8 15. Ra2
Kc7 16. Nd2 Nh5 17. g3 Ndf6 18. Be2 Bh3 19. Rf2 Raf8 20. Bf1 Qd7 21. Bxh3 Qxh3
22. Qf1 Qxf1+ 23. Rxf1 Nd7 24. Rxf8 Rxf8 25. Kg2 Ndf6 26. h3 Rf7 27. Rb2 Ng7 28.
Rc2 Nge8 29. Rb2 g4 30. h4 h5 31. Rb1 Nd7 32. Nf1 Rf3 33. Rb3 Nef6 34. Nd2 Rd3
35. Ba3 Rxd2+ 0-1